000 00540nam a22001817a 4500
005 20250221104850.0
008 250221b |||||||| |||| 00| 0 eng d
020 _a9781394168156
040 _cPK-LaUMT
082 _a616.15
_bHOF-H
100 _aHoffbrand, A Victor
_94691
245 _aHoffbrand's essential haematology /
_cby A Victor Hoffbrand, Pratima Chowdary and Graham P. Collins
250 _a9th ed.
260 _aHoboken :
_bWiley Blackwell,
_c2024
300 _a490 p.
650 _aHematologic diseases
_94692
942 _cBK
999 _c136960
_d136960